000 00476nam a22001817a 4500
999 _c533286
_d533286
003 NUST
005 20191219121243.0
008 191219b ||||| |||| 00| 0 eng d
020 _a0385721242
024 _a978-0385721240
038 _aMSOHAIL
082 _a200.9014
100 _aKaren Armstrong
_94608
245 _aThe Great Transformation: The Beginning of Our Religious Traditions
260 _aNewYork
_bAlfred A
_cc2006
300 _a469;p;xv
942 _2ddc
_cBK